• 首页
  • 本馆介绍
  • 公告通知
  • 最新文献
  • 馆藏检索
  • 电子资源
  • 读者导购
  • 参考咨询
  • 我的图书馆
  • 登录
  • 详细信息显示
  • 放入我的书架
  • 预约/预借图书
  • 作者相关作品
  • 分类相关作品
  • 丛书相关作品
  • 出版社相关作品

书目信息

  • 表格格式
  • 工作单格式
  • 卡片格式
书名: New labour triumphs
作者: Anthony King ... [et al.].
分册号:
分册名:
出版地: Chatham, N.J. :
 
出版社: Chatham House Publishers
出版时间: c1998.
页数: xii, 260 p. :
开本: 23 cm.
丛书名:
中图分类号:
科图分类号:
其他分类号: D756.1
主题词:
电子资源:
000 01638cam a2200349 a 450
001 E0754596124
005 20070708151215.23
008 970904s1998 njua b 001 0 eng
010    @a97033818
020    @a1566430577.
035    @A(DLC) 97033818
040    @aDLC@cDLC@dDLC
043    @ae-uk---
050 00 @aJN956@b.N46 1998
082 00 @a324.941/0859@2 21
090    @aD756.1
099    @dD756.1@ex156
245 00 @aNew labour triumphs :@bBritain at the polls / @cAnthony King ... [et al.].
260    @aChatham, N.J. :@bChatham House Publishers,@cc1998.
300    @axii, 260 p. :@bill. ;@c23 cm.
504    @aIncludes bibliographical references and index.
505 0  @aThe night itself / Anthony King -- The government that could do no right / David Denver -- Tony Blair and new labour / Patrick Seyd -- The Conservative Party : "in office but not in power" / Philip Norton -- The battle for the campaign agenda / Pippa Norris -- The semi-detached election : Scotland -- Iain Mclean -- Why labour won--at last / Anthony King -- The new electoral battleground / David Sanders.
610 20 @aLabour Party (Great Britain)
610 10 @aGreat Britain.@bParliament@xElections, 1997.
650  0 @aElections@zGreat Britain.
651  0 @aGreat Britain@xPolitics and government@y1997-
700 1  @aKing, Anthony Stephen.
906    @a7@bcbc@corignew@d1@eocip@f19@gy-gencatlg
920    @a**LC HAS REQ’D # OF SHELF COPIES**
922    @aad
955    @aElectronic CIP test record.; sf15 09-04-97; sf11 09-05-97; sf05 09-04-97; CIP ver. pv07 11-20-97
991    @bc-GenColl@hJN956@i.N46 1998@tCopy 1@wBOOKS
    
    New labour triumphs : : Britain at the polls / / Anthony King ... [et al.].-Chatham, N.J. : : Chatham House Publishers, , c1998.
    xii, 260 p. : : ill. ; ; 23 cm.
    Includes bibliographical references and index.-The night itself / Anthony King -- The government that could do no right / David Denver -- Tony Blair and new labour / Patrick Seyd -- The Conservative Party : "in office but not in power" / Philip Norton -- The battle for the campaign agenda / Pippa Norris -- The semi-detached election : Scotland -- Iain Mclean -- Why labour won--at last / Anthony King -- The new electoral battleground / David Sanders.
    
    ISBN 1566430577.
    
●
相关链接 在E读中查询图书 在五车中查询图书 在当当中查询图书 在豆瓣中查询图书


正题名:New labour triumphs     索取号:D756.1/x156         预约/预借

序号 登录号 条形码 馆藏地/架位号 状态 备注
1 11412   300114123   第二样本阅览室/ [索取号:D756.1/x156] 在馆    
唐山师范学院图书馆 欢迎您!
大连网信软件有限公司© 版权所有